000 00228nam a2200085Ia 4500
245 0 _aWorzel Gummidge at the circus
100 _a TODD, B E. [S.l.], 1970
_989549
942 _cBK
008 210817s9999 xx 000 0 und d
999 _c360213
_d360212